000 00571nam a2200241Ia 4500
003 OSt
005 20221005124837.0
006 a|||||r|||| 00| 0
007 ta
008 221004b |||||||| |||| 00| 0 tam d
024 _a45577
037 _cTextual
040 _aCRL
_cCRL
_btam
041 _2tam
_atam
082 _aJ:24, 31K3
100 _aKaliaperum
_9635837
245 0 _aNilamum o ramum
260 _c1963
300 _a84p.
_ccm.
650 _aAGRICULTURE
942 _hJ:24, 31K3
_cTEXL
_2cc
999 _c1051851
_d1051851